[Event "35t. Copenhagen Open (Politiken Cup)"]
[Site "Elsinore"]
[Date "2013.08.02"]
[Round "8"]
[White "Bekker Jensen, Simon"]
[Black "Schandorff, Lars"]
[Result "0-1"]
[WhiteElo "2414"]
[BlackElo "2522"]
[PlyCount "98"]
[EventDate "2013.07.27"]
[EventType "swiss"]
[EventRounds "10"]
[EventCountry "DEN"]
[Source "ChessBase"]
[SourceDate "2013.08.26"]

1. d4 Nf6 2. c4 e6 3. Nc3 Bb4 4. e3 O-O 5. Nge2 d5 6. a3 Be7 7. cxd5 exd5 8. b4
c6 9. Ng3 Be6 10. Bd3 Nbd7 11. O-O b5 12. f3 Nb6 13. Nf5 Bxf5 14. Bxf5 a5 15.
Rb1 axb4 16. axb4 g6 17. Bc2 Nc4 18. e4 Na3 19. Bxa3 Rxa3 20. Qd2 dxe4 21. fxe4
Ng4 22. Rfe1 Bf6 23. Rbd1 Bxd4+ 24. Qxd4 Qxd4+ 25. Rxd4 Rxc3 26. e5 Nxe5 27.
Be4 Re8 28. Red1 Re6 29. Bb1 Re7 30. Be4 Kg7 31. h3 h5 32. Kh2 Re6 33. Bb1 Rc4
34. Kg3 Rc3+ 35. Kh2 Re8 36. Re4 Rc4 37. Kg3 f6 38. Red4 Rxd4 39. Rxd4 Ra8 40.
Kf4 Kf7 41. Be4 Ke6 42. h4 Ke7 43. Ke3 Ra3+ 44. Kf4 Rc3 45. g3 Rb3 46. Bg2 Rxb4
47. Rxb4 Nd3+ 48. Ke3 Nxb4 49. Kd4 Kd6 0-1

[Event "35t. Copenhagen Open (Politiken Cup)"]
[Site "Elsinore"]
[Date "2013.08.02"]
[Round "8"]
[White "Bjornes, Leif"]
[Black "Skovgaard, Ib"]
[Result "0-1"]
[WhiteElo "1918"]
[BlackElo "2036"]
[PlyCount "94"]
[EventDate "2013.07.27"]
[EventType "swiss"]
[EventRounds "10"]
[EventCountry "DEN"]
[Source "ChessBase"]
[SourceDate "2013.08.26"]

1. d4 d5 2. c4 c6 3. Nf3 Nf6 4. Nc3 dxc4 5. a4 Bg4 6. Ne5 Bh5 7. f3 e6 8. g4
Bg6 9. h4 c5 10. h5 Bd3 11. dxc5 Qd4 12. Nxd3 cxd3 13. Qxd3 Nc6 14. Be3 Qxd3
15. exd3 O-O-O 16. Kf2 Nd4 17. Nb5 Nc2 18. Rc1 Nxe3 19. Nd6+ Bxd6 20. cxd6+ Kb8
21. Kxe3 Rxd6 22. Be2 Nd5+ 23. Kf2 Nf4 24. Rhd1 Rhd8 25. Ke3 e5 26. Rc4 Rd4 27.
b3 f6 28. Rxd4 Rxd4 29. Rc1 Rb4 30. Bd1 Rd4 31. Bc2 h6 32. Bb1 Rb4 33. Ba2 Nd5+
34. Kd2 Rf4 35. Ke2 Nb4 36. Bb1 Nc6 37. Rf1 Nd4+ 38. Ke3 Nxb3 39. Bc2 Nd4 40.
Bd1 b6 41. Rf2 Ne6 42. a5 Rb4 43. axb6 axb6 44. Rc2 Rb1 45. Rc6 Nd4 46. Bc2 Rb2
47. Ke4 Nxc6 0-1

[Event "35t. Copenhagen Open (Politiken Cup)"]
[Site "Elsinore"]
[Date "2013.08.02"]
[Round "8"]
[White "Bratteteig, Tore Inge"]
[Black "Ranby, Hans"]
[Result "1/2-1/2"]
[WhiteElo "1692"]
[BlackElo "1958"]
[PlyCount "31"]
[EventDate "2013.07.27"]
[EventType "swiss"]
[EventRounds "10"]
[EventCountry "DEN"]
[Source "ChessBase"]
[SourceDate "2013.08.26"]

1. d4 Nf6 2. c4 b6 3. Nf3 Bb7 4. g3 e6 5. Bg2 c5 6. e3 d5 7. cxd5 Nxd5 8. Nc3
Nc6 9. Qa4 a6 10. Nxd5 Qxd5 11. O-O b5 12. Qd1 Qd7 13. b3 Be7 14. dxc5 Qxd1 15.
Rxd1 Bxc5 16. Bb2 1/2-1/2

[Event "35t. Copenhagen Open (Politiken Cup)"]
[Site "Elsinore"]
[Date "2013.08.02"]
[Round "8"]
[White "Bruun, Hendrik Emil"]
[Black "Christensen, Bo Garner"]
[Result "1-0"]
[WhiteElo "2078"]
[BlackElo "2256"]
[PlyCount "77"]
[EventDate "2013.07.27"]
[EventType "swiss"]
[EventRounds "10"]
[EventCountry "DEN"]
[Source "ChessBase"]
[SourceDate "2013.08.26"]

1. e4 c5 2. Nf3 d6 3. d4 cxd4 4. Nxd4 Nf6 5. Nc3 a6 6. Be2 e6 7. Be3 b5 8. Bf3
e5 9. Nf5 Be6 10. Bg5 Ra7 11. Bxf6 gxf6 12. Nd5 Nd7 13. O-O Nb6 14. Qd3 Nxd5
15. exd5 Bd7 16. Rfe1 Qc8 17. Be4 Rc7 18. Qf3 Bxf5 19. Bxf5 Qb7 20. Rad1 h5 21.
b3 Ke7 22. Rd4 Qb6 23. Rh4 Qa5 24. Kf1 Qxa2 25. Rxh5 Rxh5 26. Qxh5 Qb2 27. f4
Qd4 28. fxe5 dxe5 29. Qf3 Kd6 30. Rd1 Qh4 31. Ra1 Ra7 32. Bg4 Qg5 33. Qc3 Qf4+
34. Bf3 Qd4 35. Qc6+ Ke7 36. Rd1 Qe3 37. d6+ Ke6 38. d7+ Kf5 39. Qe4+ 1-0

[Event "35t. Copenhagen Open (Politiken Cup)"]
[Site "Elsinore"]
[Date "2013.08.02"]
[Round "8"]
[White "Carlstedt, Jonathan"]
[Black "Melkumyan, Hrant"]
[Result "0-1"]
[WhiteElo "2387"]
[BlackElo "2632"]
[PlyCount "164"]
[EventDate "2013.07.27"]
[EventType "swiss"]
[EventRounds "10"]
[EventCountry "DEN"]
[Source "ChessBase"]
[SourceDate "2013.08.26"]

1. e4 e5 2. Nf3 Nc6 3. d4 exd4 4. Bc4 Nf6 5. O-O Nxe4 6. Re1 d5 7. Bxd5 Qxd5 8.
Nc3 Qa5 9. Nxe4 Be6 10. Bd2 Qd5 11. Bg5 d3 12. Re3 Be7 13. Bxe7 Nxe7 14. Nc3
Qh5 15. Qxd3 O-O 16. Nd4 Ng6 17. Qb5 Qxb5 18. Ncxb5 Bc4 19. Rc3 Bxb5 20. Nxb5
c6 21. Nd6 Rab8 22. Re1 Rfd8 23. Nc4 Nf4 24. g3 Ne6 25. Kg2 Kf8 26. Ne5 Rd5 27.
Rf3 Ng5 28. Rd3 Rxd3 29. Nxd3 Ne6 30. f4 Rd8 31. Rd1 Rd5 32. c3 h5 33. Kf3 a5
34. Ke3 a4 35. c4 Ra5 36. Ke4 f6 37. Rc1 g6 38. c5 Ra8 39. Rc4 a3 40. b3 Re8
41. Kf3 Nc7 42. Re4 Rd8 43. Ke3 Nb5 44. Kd2 Kf7 45. Kc2 h4 46. g4 f5 47. Ne5+
Kg7 48. gxf5 gxf5 49. Re1 Kf6 50. b4 Rd4 51. Nd3 Rc4+ 52. Kd2 Nc7 53. Rb1 Nd5
54. b5 Nc3 55. Rb4 Ne4+ 56. Ke3 Rc2 57. bxc6 bxc6 58. Rb6 Rxh2 59. Rxc6+ Kg7
60. Rc7+ Kh6 61. Rc8 Rxa2 62. Rh8+ Kg7 63. Rxh4 Rc2 64. Rh1 Nxc5 65. Ra1 Rc3
66. Kd4 Rxd3+ 67. Kxc5 Rf3 68. Kd5 Kf6 69. Ra2 Rxf4 70. Rxa3 Kg5 71. Ra1 Re4
72. Rg1+ Kf6 73. Rf1 Ra4 74. Re1 f4 75. Re4 Ra5+ 76. Kd4 Kf5 77. Re8 Ra3 78.
Rf8+ Kg4 79. Ke4 Re3+ 80. Kd4 Re7 81. Kd3 Kg3 82. Rg8+ Kf2 0-1

[Event "35t. Copenhagen Open (Politiken Cup)"]
[Site "Elsinore"]
[Date "2013.08.02"]
[Round "8"]
[White "Cherednichenko, Svetlana"]
[Black "Pedersen, Hans Buus"]
[Result "1/2-1/2"]
[WhiteElo "2290"]
[BlackElo "2118"]
[PlyCount "116"]
[EventDate "2013.07.27"]
[EventType "swiss"]
[EventRounds "10"]
[EventCountry "DEN"]
[Source "ChessBase"]
[SourceDate "2013.08.26"]

1. d4 e6 2. Nf3 c5 3. e3 Nf6 4. Bd3 b6 5. O-O Bb7 6. c4 Be7 7. Nc3 O-O 8. d5
exd5 9. cxd5 d6 10. e4 Nbd7 11. Nd2 Ne5 12. Be2 a6 13. f4 Ng6 14. a4 Re8 15.
Nc4 Bf8 16. Nd2 Qc7 17. g4 Qe7 18. g5 Nd7 19. Qe1 b5 20. axb5 axb5 21. Rxa8
Rxa8 22. Bxb5 Nb6 23. h4 Qc7 24. h5 Ne7 25. Qg3 c4 26. Kh2 Ra5 27. Qf2 Nec8 28.
Qd4 Ba6 29. Bxa6 Rxa6 30. Nf3 Na4 31. Nxa4 Rxa4 32. Qc3 Qb7 33. Nd4 Nb6 34. Nf5
Qd7 35. Ne3 Qb5 36. Nf5 Qd7 37. Qd4 Rb4 38. Bd2 Rb3 39. Bc3 Na4 40. Qxc4 Nxc3
41. bxc3 Rb2+ 42. Kg3 g6 43. hxg6 hxg6 44. Nd4 Bg7 45. Ra1 Qb7 46. Qc6 Rg2+ 47.
Kxg2 Qb2+ 48. Kf3 Qxa1 49. Qc8+ Kh7 50. Ne2 Qb1 51. Ke3 Qb6+ 52. Kf3 Qb1 53.
Qa6 Qf1+ 54. Ke3 Bxc3 55. Qc8 Bb4 56. Qf8 Qh3+ 57. Kd4 Qd7 58. Ke3 Qh3+ 1/2-1/2

[Event "35t. Copenhagen Open (Politiken Cup)"]
[Site "Elsinore"]
[Date "2013.08.02"]
[Round "8"]
[White "Christophersen, David"]
[Black "Jarlnaes, Erik"]
[Result "1/2-1/2"]
[WhiteElo "1818"]
[BlackElo "1961"]
[PlyCount "61"]
[EventDate "2013.07.27"]
[EventType "swiss"]
[EventRounds "10"]
[EventCountry "DEN"]
[Source "ChessBase"]
[SourceDate "2013.08.26"]

1. d4 e6 2. c4 c5 3. Nf3 cxd4 4. Nxd4 Nf6 5. Nc3 d5 6. e3 Nc6 7. cxd5 exd5 8.
Bb5 Bd7 9. O-O Bd6 10. e4 dxe4 11. Bg5 Qc7 12. g3 Be5 13. Bxc6 Bxc6 14. Nxc6
Qxc6 15. Bxf6 gxf6 16. Nxe4 O-O 17. Qg4+ Kh8 18. Rac1 Rg8 19. Qxg8+ Kxg8 20.
Rxc6 bxc6 21. Rc1 Re8 22. b4 Rb8 23. Rxc6 Rxb4 24. Nd6 Bxd6 25. Rxd6 Ra4 26.
Rd2 Kg7 27. f4 f5 28. Kg2 Kg6 29. h3 Ra3 30. h4 Ra4 31. Rc2 1/2-1/2

[Event "35t. Copenhagen Open (Politiken Cup)"]
[Site "Elsinore"]
[Date "2013.08.02"]
[Round "8"]
[White "Collins, Alan"]
[Black "Jacobsen, Fredrik Beer"]
[Result "0-1"]
[WhiteElo "1740"]
[BlackElo "1935"]
[PlyCount "96"]
[EventDate "2013.07.27"]
[EventType "swiss"]
[EventRounds "10"]
[EventCountry "DEN"]
[Source "ChessBase"]
[SourceDate "2013.08.26"]

1. d4 Nf6 2. Nf3 c5 3. e3 e6 4. b3 b6 5. Bb2 Bb7 6. Nbd2 Nc6 7. a3 d6 8. Bd3
Be7 9. O-O O-O 10. dxc5 bxc5 11. e4 Nd7 12. Re1 d5 13. exd5 exd5 14. Nf1 Bf6
15. Bxf6 Qxf6 16. Bb5 Rad8 17. Bxc6 Bxc6 18. Qd3 d4 19. N1d2 Rfe8 20. Rxe8+
Rxe8 21. Re1 Rxe1+ 22. Nxe1 Ne5 23. Qg3 h5 24. h4 Kh7 25. a4 Ng6 26. Nef3 Nf4
27. Kh2 Qf5 28. Qg5 Qxg5 29. Nxg5+ Kg6 30. g3 Nd5 31. Ngf3 f6 32. Ne1 Nb4 33.
Kg1 Bd7 34. Ne4 c4 35. bxc4 Bxa4 36. Kf1 Nxc2 37. Nd3 Na3 38. c5 Kf5 39. f3 Nc4
40. Nb4 Ne3+ 41. Ke1 Nc2+ 42. Nxc2 Bxc2 43. c6 Bxe4 44. fxe4+ Ke6 45. c7 Kd7
46. c8=Q+ Kxc8 47. Kd2 Kd7 48. Kd3 Kd6 0-1

[Event "35t. Copenhagen Open (Politiken Cup)"]
[Site "Elsinore"]
[Date "2013.08.02"]
[Round "8"]
[White "Colpe, Malte"]
[Black "Tandrup, Michael"]
[Result "1-0"]
[WhiteElo "2311"]
[BlackElo "2018"]
[PlyCount "69"]
[EventDate "2013.07.27"]
[EventType "swiss"]
[EventRounds "10"]
[EventCountry "DEN"]
[Source "ChessBase"]
[SourceDate "2013.08.26"]

1. d4 d5 2. c4 e6 3. Nc3 Nf6 4. cxd5 exd5 5. Bg5 c6 6. Qc2 Be7 7. e3 h6 8. Bf4
Be6 9. h3 Bd6 10. Bxd6 Qxd6 11. Bd3 Nbd7 12. f4 Nb6 13. Nf3 Qb4 14. a3 Qe7 15.
O-O O-O 16. Rfe1 Nc8 17. b4 Nd6 18. Rab1 Bd7 19. Ne5 b5 20. a4 a6 21. a5 Nc4
22. Bxc4 dxc4 23. e4 Be8 24. Qf2 Rc8 25. f5 Nh7 26. Nf3 Ng5 27. Nxg5 Qxg5 28.
e5 Bd7 29. g4 h5 30. Ne4 Qh6 31. g5 Qh7 32. Rf1 Rcd8 33. Nd6 f6 34. g6 Qh6 35.
Nf7 1-0

[Event "35t. Copenhagen Open (Politiken Cup)"]
[Site "Elsinore"]
[Date "2013.08.02"]
[Round "8"]
[White "Danielsen, Henrik"]
[Black "Schmidt, Kristian"]
[Result "1-0"]
[WhiteElo "2510"]
[BlackElo "2272"]
[PlyCount "39"]
[EventDate "2013.07.27"]
[EventType "swiss"]
[EventRounds "10"]
[EventCountry "DEN"]
[Source "ChessBase"]
[SourceDate "2013.08.26"]

1. e4 c5 2. Nc3 Nc6 3. f4 d6 4. Nf3 g6 5. Bb5 Bd7 6. O-O Bg7 7. d3 Rc8 8. Bxc6
Rxc6 9. Qe1 Bg4 10. f5 Bxf3 11. Rxf3 c4 12. Be3 cxd3 13. cxd3 Nf6 14. Qh4 Nd7
15. d4 Rc4 16. Rd1 Nf6 17. Bf2 h6 18. fxg6 fxg6 19. Qg3 g5 20. e5 1-0

[Event "35t. Copenhagen Open (Politiken Cup)"]
[Site "Elsinore"]
[Date "2013.08.02"]
[Round "8"]
[White "Degerfeldt, Sven"]
[Black "Eddy, Samuel"]
[Result "0-1"]
[WhiteElo "1921"]
[BlackElo "2096"]
[PlyCount "66"]
[EventDate "2013.07.27"]
[EventType "swiss"]
[EventRounds "10"]
[EventCountry "DEN"]
[Source "ChessBase"]
[SourceDate "2013.08.26"]

1. d4 Nf6 2. c4 c5 3. d5 b5 4. Nf3 g6 5. cxb5 a6 6. b6 Bg7 7. Nc3 Qxb6 8. e4 d6
9. Bd3 Nbd7 10. Qe2 Ng4 11. O-O Nge5 12. Nxe5 Nxe5 13. Bc2 O-O 14. h3 a5 15. a4
Ba6 16. Nb5 Bxb5 17. axb5 c4 18. Be3 Qxb5 19. Ba4 Qb4 20. Bd2 Qxb2 21. Rfb1 Qd4
22. Bc2 c3 23. Be3 Qc4 24. Qd1 Rfc8 25. f4 Nd7 26. Rc1 Nc5 27. e5 dxe5 28. f5
e4 29. fxg6 hxg6 30. Bxc5 Rxc5 31. Ra4 Qxd5 32. Qxd5 Rxd5 33. Bxe4 Rd4 0-1

[Event "35t. Copenhagen Open (Politiken Cup)"]
[Site "Elsinore"]
[Date "2013.08.02"]
[Round "8"]
[White "Dyrhaug, Sverre S"]
[Black "Torkilseng, Runar"]
[Result "1/2-1/2"]
[WhiteElo "1577"]
[BlackElo "1827"]
[PlyCount "30"]
[EventDate "2013.07.27"]
[EventType "swiss"]
[EventRounds "10"]
[EventCountry "DEN"]
[Source "ChessBase"]
[SourceDate "2013.08.26"]

1. e4 e6 2. d4 d5 3. Nc3 Nf6 4. Bg5 Be7 5. e5 Nfd7 6. h4 h6 7. Bxe7 Qxe7 8. f4
a6 9. Nf3 c5 10. g4 Nc6 11. Qd2 cxd4 12. Nxd4 Qb4 13. O-O-O Nxd4 14. Qxd4 Qxd4
15. Rxd4 b6 1/2-1/2

[Event "35t. Copenhagen Open (Politiken Cup)"]
[Site "Elsinore"]
[Date "2013.08.02"]
[Round "8"]
[White "Edwardsson, Hannu Kalervo"]
[Black "Brogaard, Lars"]
[Result "0-1"]
[WhiteElo "1474"]
[BlackElo "1570"]
[PlyCount "48"]
[EventDate "2013.07.27"]
[EventType "swiss"]
[EventRounds "10"]
[EventCountry "DEN"]
[Source "ChessBase"]
[SourceDate "2013.08.26"]

1. e4 g6 2. Nf3 d6 3. Be2 Bg7 4. O-O a6 5. d4 b5 6. c4 bxc4 7. Bxc4 e6 8. Nc3
Ne7 9. Rb1 Nd7 10. d5 e5 11. Bg5 h6 12. Bxe7 Qxe7 13. h3 O-O 14. Nh2 Bb7 15. f4
f5 16. exf5 Rxf5 17. fxe5 Rxf1+ 18. Qxf1 Nxe5 19. Kh1 Rf8 20. Qe2 Qh4 21. Ng4
Bc8 22. Nxe5 Bxe5 23. Ne4 Bxh3 24. Rf1 Bg4+ 0-1

[Event "35t. Copenhagen Open (Politiken Cup)"]
[Site "Elsinore"]
[Date "2013.08.02"]
[Round "8"]
[White "Endresen, Ola Torstein"]
[Black "Rasmussen, Morten Fredsgaard"]
[Result "0-1"]
[WhiteElo "1399"]
[BlackElo "1920"]
[PlyCount "104"]
[EventDate "2013.07.27"]
[EventType "swiss"]
[EventRounds "10"]
[EventCountry "DEN"]
[Source "ChessBase"]
[SourceDate "2013.08.26"]

1. d4 d5 2. Nc3 c6 3. Bg5 Qb6 4. Rb1 Bf5 5. e3 Nd7 6. Bd3 e6 7. Nf3 Ngf6 8. O-O
Bd6 9. Re1 O-O 10. Nh4 Be4 11. f4 c5 12. Bxf6 Nxf6 13. Nf3 Bxf3 14. dxc5 Bxd1
15. cxb6 Bh5 16. Nb5 Bc5 17. bxa7 Bg6 18. b4 Bxa7 19. h3 Ne4 20. a4 Rfc8 21. a5
Nc3 22. Nxa7 Rxa7 23. Rb3 Kf8 24. Ra1 Bxd3 25. cxd3 Nb5 26. Rb2 Rc3 27. Rd1 Ra8
28. Kf2 Rac8 29. Kf3 Ke7 30. h4 Ra3 31. g4 Rcc3 32. Ke2 Rcb3 33. Rdd2 Nc3+ 34.
Kf3 Na4 35. Ra2 Rxa2 36. Rxa2 Rxb4 37. d4 Nb2 38. a6 bxa6 39. Rxa6 Rb7 40. Ra8
Nc4 41. Rg8 g6 42. Rh8 Rb3 43. Rxh7 Rxe3+ 44. Kf2 Re4 45. h5 gxh5 46. gxh5
Rxf4+ 47. Kg3 Rxd4 48. h6 Ne5 49. Rh8 Rg4+ 50. Kh3 Ng6 51. Rh7 Rh4+ 52. Kg3 d4
0-1

[Event "35t. Copenhagen Open (Politiken Cup)"]
[Site "Elsinore"]
[Date "2013.08.02"]
[Round "8"]
[White "Eriksson, Christian Altenburg"]
[Black "Rolvag, Birk Anders"]
[Result "1-0"]
[WhiteElo "2143"]
[BlackElo "1988"]
[PlyCount "143"]
[EventDate "2013.07.27"]
[EventType "swiss"]
[EventRounds "10"]
[EventCountry "DEN"]
[Source "ChessBase"]
[SourceDate "2013.08.26"]

1. e4 c5 2. c3 e6 3. d4 d5 4. e5 Nc6 5. Nf3 Qb6 6. a3 cxd4 7. cxd4 Nge7 8. b4
Nf5 9. Bb2 Bd7 10. g4 Nfe7 11. Nc3 h5 12. Na4 Qd8 13. Nc5 Rb8 14. g5 Nf5 15.
Rc1 Bxc5 16. Rxc5 g6 17. Bd3 Nce7 18. Qd2 O-O 19. O-O b6 20. Rcc1 Rc8 21. b5
Rxc1 22. Rxc1 Qb8 23. a4 Rc8 24. Ba3 Rxc1+ 25. Qxc1 Qc8 26. Qd2 Qc7 27. Qb4 Qd8
28. Kf1 Qc8 29. Ke2 Qd8 30. Qc3 Qc8 31. Qb4 Qd8 32. Kd2 Qc8 33. Bb2 Qc7 34. Bc3
Qb7 35. Kc2 Qc7 36. a5 bxa5 37. Qxa5 Qxa5 38. Bxa5 Nc8 39. Bc7 Kf8 40. Kb3 Ke7
41. Kb4 Ng7 42. Nd2 Ne8 43. Bb8 Kd8 44. Nb3 Nc7 45. Nc5 Na8 46. Nb7+ Ke7 47.
Nd6 Nab6 48. Nxc8+ Bxc8 49. Bxa7 Nc4 50. Kc5 Bb7 51. Bb8 Kd7 52. Bd6 Nb2 53.
Bc2 Nc4 54. Bf8 Kc8 55. Bg7 Kd7 56. b6 Nb2 57. Bf6 Bc6 58. Kb4 Nc4 59. Kc5 Nb2
60. Bg7 Bb7 61. Bf8 Bc6 62. Bd6 Bb7 63. Bc7 Bc6 64. Kb4 Kc8 65. Kc3 Nc4 66. Bd3
Na5 67. Ba6+ Nb7 68. Kb4 Kd7 69. Bb5 Bxb5 70. Kxb5 Kc8 71. Ka6 h4 72. h3 1-0

[Event "35t. Copenhagen Open (Politiken Cup)"]
[Site "Elsinore"]
[Date "2013.08.02"]
[Round "8"]
[White "Fossan, Petter"]
[Black "Pettersen, Joar Gullestad"]
[Result "1-0"]
[WhiteElo "2245"]
[BlackElo "1944"]
[PlyCount "83"]
[EventDate "2013.07.27"]
[EventType "swiss"]
[EventRounds "10"]
[EventCountry "DEN"]
[Source "ChessBase"]
[SourceDate "2013.08.26"]

1. e4 c6 2. d4 d5 3. e5 Bf5 4. Nf3 e6 5. Be2 Nd7 6. O-O Ne7 7. Nh4 Bg6 8. Bg5
Qb6 9. Nc3 Nf5 10. Nxf5 Bxf5 11. Rb1 Bg6 12. Qd2 a6 13. b4 h6 14. Na4 Qc7 15.
Bf4 b5 16. Nc5 Be7 17. Rb3 Nxc5 18. bxc5 Qd8 19. Rh3 Bf5 20. g4 Bh7 21. Be3 Kd7
22. f4 Be4 23. Bd3 Bxd3 24. Qxd3 Qa5 25. f5 Rag8 26. a3 Qa4 27. fxe6+ fxe6 28.
Rhf3 Rf8 29. Kg2 Qc4 30. Qg6 Rxf3 31. Rxf3 Qe2+ 32. Bf2 Rf8 33. Rxf8 Bxf8 34.
Qf7+ Be7 35. Qxg7 Ke8 36. Qg6+ Kd7 37. Qg7 Ke8 38. Kg3 Bh4+ 39. Kxh4 Qxf2+ 40.
Kh5 Qxh2+ 41. Kg6 Qxc2+ 42. Kf6 1-0

[Event "35t. Copenhagen Open (Politiken Cup)"]
[Site "Elsinore"]
[Date "2013.08.02"]
[Round "8"]
[White "Friedrich, Norbert"]
[Black "Thybo, Jesper Sondergaard"]
[Result "1-0"]
[WhiteElo "2305"]
[BlackElo "2097"]
[PlyCount "49"]
[EventDate "2013.07.27"]
[EventType "swiss"]
[EventRounds "10"]
[EventCountry "DEN"]
[Source "ChessBase"]
[SourceDate "2013.08.26"]

1. e4 c6 2. d4 d5 3. Nd2 dxe4 4. Nxe4 Bf5 5. Ng3 Bg6 6. N1e2 e6 7. Nf4 Bd6 8.
c3 Nf6 9. h4 Bxf4 10. Bxf4 h6 11. h5 Bh7 12. Qb3 Qb6 13. Qa3 Nbd7 14. Bd6 a6
15. O-O-O O-O-O 16. Rh4 e5 17. c4 exd4 18. c5 Qa7 19. Rhxd4 Nb8 20. Bc4 Rd7 21.
Qb3 Nd5 22. Ne2 Re8 23. Nc3 Nxc3 24. Qxc3 a5 25. Bxb8 1-0

[Event "35t. Copenhagen Open (Politiken Cup)"]
[Site "Elsinore"]
[Date "2013.08.02"]
[Round "8"]
[White "Gandrud, Vegar Koi"]
[Black "Johansen, Stian"]
[Result "1-0"]
[WhiteElo "2267"]
[BlackElo "2085"]
[PlyCount "163"]
[EventDate "2013.07.27"]
[EventType "swiss"]
[EventRounds "10"]
[EventCountry "DEN"]
[Source "ChessBase"]
[SourceDate "2013.08.26"]

1. d4 Nf6 2. c4 c5 3. d5 b5 4. cxb5 a6 5. bxa6 g6 6. Nc3 Bxa6 7. e4 Bxf1 8.
Kxf1 d6 9. g3 Bg7 10. Kg2 O-O 11. Nf3 Nbd7 12. a4 Qb6 13. Qc2 Rfb8 14. Nb5 Ng4
15. h3 Nge5 16. Nxe5 Nxe5 17. f4 Nd7 18. Bd2 c4 19. Rhb1 Rc8 20. Bc3 Bxc3 21.
bxc3 Qe3 22. Nd4 Nc5 23. Re1 Qd3 24. Qxd3 cxd3 25. Nc6 Kf8 26. a5 d2 27. Re3
Nb3 28. Rd1 e6 29. c4 Nxa5 30. Nxa5 Rxa5 31. Rxd2 Rxc4 32. dxe6 fxe6 33. Rxd6
Ke7 34. Rb6 Rac5 35. Ra3 h5 36. Rb7+ Kf6 37. Re3 e5 38. Rb6+ Rc6 39. Reb3 g5
40. Rxc6+ Rxc6 41. fxg5+ Kxg5 42. Rf3 Kg6 43. h4 Rc2+ 44. Rf2 Rc4 45. Re2 Rb4
46. Kf3 Rc4 47. Re3 Rc6 48. Rb3 Ra6 49. Ke3 Kf6 50. Rc3 Rb6 51. Kf2 Kg6 52. Rc5
Kf6 53. Rc3 Kg6 54. Kg2 Rb2+ 55. Kf3 Rb6 56. Ra3 Rc6 57. Re3 Ra6 58. Rb3 Rc6
59. Ke3 Kf6 60. Kd2 Ra6 61. Rf3+ Kg6 62. Rf5 Ra3 63. Rg5+ Kh6 64. Ke2 Ra2+ 65.
Kd3 Ra4 66. Ke3 Ra3+ 67. Kd2 Rb3 68. Ke2 Ra3 69. Kf2 Ra2+ 70. Kf3 Ra3+ 71. Kg2
Ra2+ 72. Kh3 Ra5 73. Rf5 Kg6 74. g4 Ra3+ 75. Kg2 Ra2+ 76. Kg3 Ra3+ 77. Rf3 Ra4
78. gxh5+ Kh6 79. Rf6+ Kg7 80. Rg6+ Kf7 81. Kf3 Ra1 82. Rg4 1-0

[Event "35t. Copenhagen Open (Politiken Cup)"]
[Site "Elsinore"]
[Date "2013.08.02"]
[Round "8"]
[White "Grandelius, Nils"]
[Black "Haugli, Petter"]
[Result "1-0"]
[WhiteElo "2573"]
[BlackElo "2287"]
[PlyCount "115"]
[EventDate "2013.07.27"]
[EventType "swiss"]
[EventRounds "10"]
[EventCountry "DEN"]
[Source "ChessBase"]
[SourceDate "2013.08.26"]

1. e4 e6 2. d4 d5 3. Nc3 Bb4 4. e5 c5 5. a3 Bxc3+ 6. bxc3 Qa5 7. Bd2 Qa4 8. Qg4
Kf8 9. Ra2 Ne7 10. Nf3 b6 11. Qf4 Kg8 12. Bd3 Ba6 13. dxc5 Qxf4 14. Bxf4 bxc5
15. Rb2 c4 16. Be2 Nbc6 17. Be3 f6 18. Nd4 Nxd4 19. Bxd4 Nc6 20. f4 Kf7 21. Kf2
Nxd4 22. cxd4 Rab8 23. Rhb1 Rxb2 24. Rxb2 Ke7 25. Rb4 Rc8 26. Ke3 h6 27. Bh5 g5
28. Ra4 Rc6 29. g3 Rb6 30. Ra5 gxf4+ 31. Kxf4 f5 32. g4 fxg4 33. Bxg4 Rc6 34.
Kg3 Kf7 35. Kf4 Ke7 36. Ke3 Kd8 37. Kd2 Kc7 38. Ra4 Rb6 39. Kc3 Rc6 40. Rb4 Bc8
41. Rb1 Ra6 42. Rf1 Rxa3+ 43. Kb4 Ra2 44. Rf6 Rxc2 45. Bxe6 Bxe6 46. Rxe6 Rxh2
47. Kc5 c3 48. Kxd5 c2 49. Rc6+ Kd8 50. Kd6 h5 51. d5 h4 52. e6 Re2 53. Rc3 a5
54. Rf3 Ke8 55. Rc3 Kf8 56. Kd7 h3 57. Rxc2 h2 58. Rc1 1-0

[Event "35t. Copenhagen Open (Politiken Cup)"]
[Site "Elsinore"]
[Date "2013.08.02"]
[Round "8"]
[White "Grant, Jonathan"]
[Black "Carstensen, Jacob"]
[Result "1/2-1/2"]
[WhiteElo "2235"]
[BlackElo "2384"]
[PlyCount "83"]
[EventDate "2013.07.27"]
[EventType "swiss"]
[EventRounds "10"]
[EventCountry "DEN"]
[Source "ChessBase"]
[SourceDate "2013.08.26"]

1. c4 e5 2. g3 Nf6 3. Bg2 d5 4. cxd5 Nxd5 5. Nc3 Nb6 6. Nf3 Nc6 7. O-O Be7 8.
a3 O-O 9. b4 Be6 10. Rb1 f6 11. d3 Nd4 12. Nd2 c6 13. Nde4 Rb8 14. Nc5 Bxc5 15.
bxc5 Nd5 16. Bd2 Nxc3 17. Bxc3 Nb5 18. Qc1 Bd5 19. a4 Bxg2 20. Kxg2 Nc7 21. Ba5
Rf7 22. Bxc7 Qxc7 23. Qc3 Rd8 24. Rfc1 Rd4 25. Rb4 Rxb4 26. Qxb4 Qd8 27. Rc4 g6
28. Kg1 Rd7 29. Qb3 Kg7 30. Rb4 Qe7 31. h4 h5 32. a5 a6 33. e3 Kh6 34. d4 exd4
35. exd4 Qe1+ 36. Kg2 Re7 37. Rxb7 Qe4+ 38. Kg1 Qe1+ 39. Kg2 Qe4+ 40. Kg1 Qe1+
41. Kg2 Qe4+ 42. Kg1 1/2-1/2

[Event "35t. Copenhagen Open (Politiken Cup)"]
[Site "Elsinore"]
[Date "2013.08.02"]
[Round "8"]
[White "Greibrokk, Ingrid Andrea"]
[Black "Quinn, David"]
[Result "1/2-1/2"]
[WhiteElo "1598"]
[BlackElo "1983"]
[PlyCount "123"]
[EventDate "2013.07.27"]
[EventType "swiss"]
[EventRounds "10"]
[EventCountry "DEN"]
[Source "ChessBase"]
[SourceDate "2013.08.26"]

1. e4 e5 2. Nc3 Nf6 3. Bc4 Nc6 4. d3 Bb4 5. Bd2 d6 6. a3 Bc5 7. Na4 Bb6 8. Nxb6
axb6 9. f4 Be6 10. Bxe6 fxe6 11. Nf3 exf4 12. Bxf4 O-O 13. Bd2 Qe7 14. O-O d5
15. exd5 exd5 16. Bg5 Qc5+ 17. Kh1 d4 18. Bxf6 Rxf6 19. Qd2 Raf8 20. Rae1 Ne5
21. Qe2 Ng4 22. h3 Ne3 23. Rf2 Qh5 24. Nxd4 Qxe2 25. Rfxe2 Nd5 26. Nf3 Nf4 27.
Re3 Rg6 28. Nh4 Rc6 29. c3 Rcf6 30. d4 c5 31. Rd1 Nh5 32. d5 g5 33. Nf3 Ng3+
34. Kh2 Nf5 35. Red3 g4 36. Ne5 g3+ 37. Kg1 Rd6 38. Nc4 Rdd8 39. Nxb6 Rfe8 40.
Na4 c4 41. Rf3 Re5 42. Nb6 Rde8 43. Rdf1 Ne3 44. Rxg3+ Kh8 45. Re1 Nxd5 46.
Rxe5 Rxe5 47. Nxc4 Re6 48. Kf2 b5 49. Ne3 Nf6 50. Kf3 Ne4 51. Rg4 Nd2+ 52. Kf2
Ne4+ 53. Kg1 Nxc3 54. Nf5 Nd5 55. Nd4 Re1+ 56. Kf2 Rb1 57. b4 Rb2+ 58. Kg1 Rb1+
59. Kh2 Ne3 60. Rg5 Nf1+ 61. Kg1 Ng3+ 62. Kh2 1/2-1/2

[Event "35t. Copenhagen Open (Politiken Cup)"]
[Site "Elsinore"]
[Date "2013.08.02"]
[Round "8"]
[White "Hagen, Anders Gjerdrum"]
[Black "Saduakassova, Dinara"]
[Result "1/2-1/2"]
[WhiteElo "2187"]
[BlackElo "2340"]
[PlyCount "34"]
[EventDate "2013.07.27"]
[EventType "swiss"]
[EventRounds "10"]
[EventCountry "DEN"]
[Source "ChessBase"]
[SourceDate "2013.08.26"]

1. d4 Nf6 2. c4 e6 3. Nc3 Bb4 4. e3 O-O 5. Bd3 d6 6. Nge2 c5 7. O-O Nc6 8. Qc2
d5 9. cxd5 exd5 10. dxc5 Bxc5 11. Nb5 Bb6 12. a3 Be6 13. Nbd4 Rc8 14. Nxc6 bxc6
15. b4 c5 16. bxc5 Rxc5 17. Qa4 Ne4 1/2-1/2